Normal view
MARC view
- Tipu Shujaat Ali Khan
Entry Personal Name
001 - CONTROL NUMBER
- control field: 126636
003 - CONTROL NUMBER IDENTIFIER
- control field: NUST
005 - DATE AND TIME OF LATEST TRANSACTION
- control field: 20241030162536.0
008 - FIXED-LENGTH DATA ELEMENTS
- fixed length control field: 241030|| aca||aabn | a|a d
040 ## - CATALOGING SOURCE
- Original cataloging agency: NUST
- Transcribing agency: NUST
100 ## - HEADING--PERSONAL NAME
- Personal name: Tipu Shujaat Ali Khan
670 ## - SOURCE DATA FOUND
- Source citation: Work cat.: (NUST)230053: Tipu Shujaat Ali Khan , Fire Safety Managment in High Rise Commercial Buildings of Islamabad, Pakistan/, c2014
